000 00341pab a2200145 454500
008 180718b2006 xxu||||| |||| 00| 0 eng d
100 _aBanerjee, Gautam
245 _aA living heritage we should cherish
260 _c2006
300 _ap.60-63.
362 _a30 Jan
650 _aLanguages
773 _aUniversity News
909 _a68767
999 _c68767
_d68767